00440nam a2200121Ia 4500008004100000245010800041260002400149260000900173300000800182650002300190650001200213856009300225170516s9999 xx 000 0 und d 4aThe accuracy of a designed software for automated localization of craniofacial landmarks on CBCT images bBMC Medical Imaging c2014 a14: xMedical Technology xMedtech uhttp://bmcmedimaging.biomedcentral.com/articles?query=&volume=14&searchType=&tab=keyword